000 00372nam a2200145Ia 4500
008 230917s9999||||xx |||||||||||||| ||und||
040 _e76759
_aMAIN
041 _aEnglish
082 _a658.4 L976C
100 _aLussato, Bruno
245 2 _aA critical introduction to organisation theory
260 _aLondon
_bMacmillan
_c1976
300 _axvii, 170 p.
942 _cBK
999 _c216276
_d216276